Jena 6 /

Jena, LA - In a small town in Louisiana, six families are fighting for their sons' lives. Two nooses are left as a warning to black students trying to integrate their playground, fights break out across town, a white man pulls a shotgun on black students, someone burns down most of the school,...

Full description

Bibliographic Details
Other Authors: Abu-Jamal, Mumia (Narrator), Esmaeli, Kouross (Director, Producer), Soohen, Jacqueline (Director, Producer), Rowley, Richard (Director, Producer)
Format: Video
Language:English
Language Notes:In English.
Published: Pottstown, PA : MVD Entertainment Group, 2007.
Series:VAST: academic video online
Subjects:
Online Access:Connect to this streaming video (Alexander Street Press)

MARC

Tag First Indicator Second Indicator Subfields
LEADER 00000cgm a2200000Ma 4500
001 in00005565621
006 m o c
007 cr |n||||||||a
007 vz |za|z|
008 140513s2007 pau029 g o vleng d
005 20241201231558.5
035 |a (OCoLC)ocn894131465 
040 |a ALSTP  |b eng  |e pn  |c ALSTP  |d OCLCO  |d OCLCQ  |d OCLCF  |d OCLCQ  |d OCLCO  |d OCLCQ  |d MNI  |d WYU  |d UPM  |d OCLCO  |d CJT  |d OCLCQ  |d OCLCL  |d NUI  |d OCLCO 
019 |a 1373435997  |a 1430845605  |a 1444014794 
035 |a (OCoLC)894131465  |z (OCoLC)1373435997  |z (OCoLC)1430845605  |z (OCoLC)1444014794 
043 |a n-us-la 
082 0 4 |a 364.1340975  |q OCoLC 
049 |a TXAM 
245 0 0 |a Jena 6 /  |c by Jacqueline Soohen, Richard Rowley, and Kouross Esmaeli. 
260 |a Pottstown, PA :  |b MVD Entertainment Group,  |c 2007. 
300 |a 1 online resource (29 min.). 
306 |a 002846 
336 |a two-dimensional moving image  |b tdi  |2 rdacontent 
337 |a computer  |b c  |2 rdamedia 
338 |a online resource  |b cr  |2 rdacarrier 
347 |a data file  |2 rda 
490 0 |a VAST: academic video online 
500 |a Title from resource description page (viewed May 13, 2014). 
520 |a Jena, LA - In a small town in Louisiana, six families are fighting for their sons' lives. Two nooses are left as a warning to black students trying to integrate their playground, fights break out across town, a white man pulls a shotgun on black students, someone burns down most of the school, the DA puts six black students on trial for attempted murder, and the quiet town of Jena becomes the site of the largest civil rights demonstration in the South since the 1960s. 'The Jena 6' is the story of hidden racial inequality and violence becoming visible. It is a powerful symbol for, and example of, how racial justice works in America - where the lynching noose has been replaced by the DA's pen. 
546 |a In English. 
650 0 |a African Americans  |x Civil rights. 
650 0 |a School violence  |z Louisiana  |z Jena. 
650 0 |a Hate crimes  |z Louisiana  |z Jena. 
650 0 |a Racism  |z Louisiana  |z Jena. 
650 0 |a Race discrimination  |z Louisiana  |z Jena. 
650 6 |a Noirs américains  |x Droits. 
650 7 |a African Americans  |x Civil rights  |2 fast 
650 7 |a Hate crimes  |2 fast 
650 7 |a Race discrimination  |2 fast 
650 7 |a Racism  |2 fast 
650 7 |a School violence  |2 fast 
651 7 |a Louisiana  |z Jena  |2 fast  |1 https://id.oclc.org/worldcat/entity/E39PBJmhTwrjQQCKGRhrKmf6rq 
655 2 |a Documentaries and Factual Films 
655 4 |a Alexander Street Video. 
655 7 |a documentary film.  |2 aat 
655 7 |a Documentary films  |2 fast 
655 7 |a Documentary films.  |2 lcgft 
655 7 |a Documentaires.  |2 rvmgf 
700 1 |a Abu-Jamal, Mumia.  |4 nrt 
700 1 |a Esmaeli, Kouross.  |4 drt  |4 pro 
700 1 |a Soohen, Jacqueline.  |4 drt  |4 pro 
700 1 |a Rowley, Richard.  |4 drt  |4 pro 
758 |i has work:  |a The Jena 6 (MovingImage)  |1 https://id.oclc.org/worldcat/entity/E39PCGgmBmpfYbcmJQXDJ4MVmd  |4 https://id.oclc.org/worldcat/ontology/hasWork 
856 4 0 |u http://proxy.library.tamu.edu/login?url=https://www.aspresolver.com/aspresolver.asp?AVN2;2249106  |z Connect to this streaming video (Alexander Street Press)  |t 0 
955 |a Alexander Street Press subscription streaming video 
994 |a 92  |b TXA 
999 f f |s c800d0ce-0361-4e73-abd1-7a80d1c6c4ed  |i f01515a6-3301-41eb-94de-44dd2104774a  |t 0 
952 f f |a Texas A&M University  |b College Station  |c Electronic Resources  |d Available Online  |t 0  |h Library of Congress classification 
998 f f |t 0  |l Available Online